000 00542nam a22002057a 4500
003 OSt
005 20140310181741.0
008 130323t xxu||||| |||| 00| 0 eng d
020 _a8189526715
050 _aZ 699
_b.G724 2005
082 _aTR 029.7
_bG74 2005
245 _aInformation retrieval/
_cP.K. Goyal
260 _aDelhi :
_bVista International Pub. House,
_cc2005.
300 _a290 p. :
_c21 cm.
520 _a1. Information retrieval.
521 _aFaculty
541 _j1
562 _e1
942 _2lcc
_cBK-TR
_kTR
999 _c2763
_d2763